000 00504nam a2200181 4500
001 43355
090 _a43355
100 _a19941004d1961 km y0pory5003 ba
101 1 _apor
102 _aBR
200 1 _aAs chaves de São Pedro
_eromance
_fRoger Peyrefitte
_gtrad. de Heitor Martins
210 _aRio [de Janeiro]
_cJúpiter,
_d1961
215 _a315 p.
_d22 cm
300 _aTít. orig.: Les clés de Saint Pierre
675 _a821.133.1-31
700 1 _aPeyrefitte,
_bRoger
801 0 _aPT
_bUCJPII
_gRPC
990 _cLIVROS